[Event "Regionalliga NO 9495"]
[White "Rottler, Martin"]
[Black "Polzer, Hans"]
[Site "Bayern"]
[Round "?.2"]
[Result "1-0"]
[Date "1995.??.??"]
[WhiteElo "2100"]
[BlackElo "2090"]
[PlyCount "73"]
[EventDate "1994.10.??"]
[EventType "team-tourn"]
[EventRounds "9"]
[EventCountry "GER"]
[SourceTitle "EXT 1999"]
[Source "ChessBase"]
[SourceDate "1998.11.16"]
[SourceVersion "1"]
[SourceVersionDate "1998.11.16"]
[SourceQuality "1"]
[WhiteTeam "Nuernberg Sued SW"]
[BlackTeam "Furth im Wald"]
[WhiteTeamCountry "GER"]
[BlackTeamCountry "GER"]

1. e4 g6 2. d4 Bg7 3. c3 d5 4. e5 c5 5. Be3 cxd4 6. cxd4 Nh6 7. Bd3 Nc6 8. Ne2 0-0 9. Nbc3 a6 10. Nf4 Nxe5 11. dxe5 d4 12. Bd2 dxc3 13. Bxc3 Ng4 14. Qe2 Nxe5 15. Be4 Nc6 16. Bxg7 Kxg7 17. 0-0 Nd4 18. Qc4 e5 19. Rad1 f5 20. Bxb7 Bxb7 21. Rxd4 Qc8 22. Ne6+ Kf6 23. Nxf8 exd4 24. Qxd4+ Kf7 25. Nxh7 Qc6 26. Ng5+ Kg8 27. f3 Re8 28. Rd1 Bc8 29. Kh1 Qc5 30. Qh4 Qe7 31. h3 Rf8 32. Rd6 Qg7 33. Qc4+ Kh8 34. Rd4 f4 35. Rxf4 Rxf4 36. Qxf4 Kg8 37. Qc4+ 1-0